000
00503nam a2200181Ia 4500
008
090124s9999 xx 000 0 und d
082
_b
36784
100
_a
वाड विजया
245
_a
ऋणानुबंध
250
_a
1
260
_b
दिलीप प्रकाशन
_c
1999
300
_a
192
600
_a
वाड विजया
630
_a
ऋणानुबंध
700
_a
वाड विजया
730
_a
ऋणानुबंध
942
_c
BOOK
999
_c
102707
_d
102707